Science Quiz

Random Science or Clickable Quiz

Smallest-to-Largest Planets Quiz Stats

 Plays Quiz Updated Mar 12, 2015

Support Sporcle.
Go Orange.
Score 0/8 Timer 01:00
5 Plays Today
% Correct
???
100%
???
68.6%
???
51.6%
???
48.9%
???
29.6%
???
27.2%
???
26.3%
???
26.2%

From the Vault

Don't Forget 'The' TV

by SpinPHD

Can you pick which of these TV show titles should have the word 'The' at the beginning of their title?
Remove Ads.
Support Sporcle.
Get the best of Sporcle when you Go Orange. This ad-free experience offers more features, more stats, and more fun while also helping to support Sporcle. Thank you for becoming a member.

Show Comments

Extras

Top Quizzes Today


Score Distribution

Your Account Isn't Verified!

In order to create a playlist on Sporcle, you need to verify the email address you used during registration. Go to your Sporcle Settings to finish the process.

Report this User

Report this user for behavior that violates our Community Guidelines.

Details: